000
00195 a2200097 4500
001
7746
100
_a
Willers, F.a
245
_a
Practical analysis
260
_a
_b
Dover
_c
090
_c
6203
_d
6203
942
_a
NUST-CAE
_c
M
_c
32716
999
_c
242819
_d
242819